<?xml version="1.0" encoding="UTF-8"?><?xml-stylesheet type="text/xsl" href="static/style.xsl"?><OAI-PMH xmlns="http://www.openarchives.org/OAI/2.0/" xmlns:xsi="http://www.w3.org/2001/XMLSchema-instance" xsi:schemaLocation="http://www.openarchives.org/OAI/2.0/ http://www.openarchives.org/OAI/2.0/OAI-PMH.xsd"><responseDate>2026-06-06T04:20:13Z</responseDate><request verb="GetRecord" identifier="oai:riuma.uma.es:10630/41247" metadataPrefix="marc">https://riuma.uma.es/rest/oai/request</request><GetRecord><record><header><identifier>oai:riuma.uma.es:10630/41247</identifier><datestamp>2026-02-03T11:02:24Z</datestamp><setSpec>com_10630_2254</setSpec><setSpec>col_10630_37953</setSpec></header><metadata><record xmlns="http://www.loc.gov/MARC21/slim" xmlns:dcterms="http://purl.org/dc/terms/" xmlns:doc="http://www.lyncode.com/xoai" xmlns:xsi="http://www.w3.org/2001/XMLSchema-instance" xsi:schemaLocation="http://www.loc.gov/MARC21/slim http://www.loc.gov/standards/marcxml/schema/MARC21slim.xsd">
   <leader>00925njm 22002777a 4500</leader>
   <datafield ind2=" " ind1=" " tag="042">
      <subfield code="a">dc</subfield>
   </datafield>
   <datafield ind2=" " ind1=" " tag="720">
      <subfield code="a">Carrasco-Aguilar, Claudia</subfield>
      <subfield code="e">author</subfield>
   </datafield>
   <datafield ind2=" " ind1=" " tag="720">
      <subfield code="a">Luzón Trujillo, Antonio</subfield>
      <subfield code="e">author</subfield>
   </datafield>
   <datafield ind2=" " ind1=" " tag="720">
      <subfield code="a">Domingo Segovia, Jesús</subfield>
      <subfield code="e">author</subfield>
   </datafield>
   <datafield ind2=" " ind1=" " tag="720">
      <subfield code="a">Martín-Civantos, Mariano</subfield>
      <subfield code="e">author</subfield>
   </datafield>
   <datafield ind2=" " ind1=" " tag="260">
      <subfield code="c">2025</subfield>
   </datafield>
   <datafield ind2=" " ind1=" " tag="520">
      <subfield code="a">La  Formación  Inicial  Docente  (FID)  es  crucial  para &#xd;
relacionar  teoría  y  práctica,  cuestionar  creencias  y &#xd;
desarrollar  competencias  didácticas.  El  Prácticum  es  un &#xd;
espacio  importante  para  la  identidad  profesional.  La  FID &#xd;
debe  incorporar  momentos  de  reflexión,  promover  la &#xd;
colaboración y superar la dicotomía entre lo académico y lo &#xd;
pedagógico. La universidad desempeña un papel central en &#xd;
esta  formación.  En  Europa  existen  modelos  de  FID &#xd;
agrupados  en  concurrentes,  consecutivos  y  mixtos.  En &#xd;
España, el modelo es consecutivo y plantea desafíos como la &#xd;
formación en principios éticos y la relación teoría-práctica. &#xd;
Este estudio analiza los desafíos y proyecciones del Máster &#xd;
de  Educación  Secundaria  Obligatoria  y  Bachillerato, &#xd;
Formación  Profesional  y  Enseñanza  de  Idiomas  (MAES) &#xd;
desde  la  perspectiva  de  quienes  coordinan  la  formación &#xd;
inicial  del  profesorado  en  universidades  de  Andalucía.  A &#xd;
través  de  un  estudio  narrativo  se  ha  entrevistado  a  12 &#xd;
coordinadores y se ha realizado un análisis polifónico con &#xd;
temáticas  emergentes.  Los  resultados  muestran  cuatro &#xd;
ámbitos  de  desafíos  y  proyecciones:  el  perfil  y &#xd;
características del profesorado, el currículo, las actividades &#xd;
del Prácticum, y el presente y futuro del estudiantado del &#xd;
MAES. Los resultados se discuten en torno a la articulación &#xd;
teoría-práctica,  el  rol  del  mercado  laboral  en  el  futuro &#xd;
profesional  del  profesorado  y  la  valoración  sobre  la &#xd;
coordinación del MAES.</subfield>
   </datafield>
   <datafield ind1="8" ind2=" " tag="024">
      <subfield code="a">Carrasco-Aguilar, C., Luzón Trujillo, A., Domingo Segovia, J., &amp; Martín Civantos, M. (2025). El Máster de Secundaria en la formación inicial docente: desafíos y proyecciones en Andalucía desde la perspectiva de sus coordinaciones. Revista Interuniversitaria De Formación Del Profesorado. Continuación De La Antigua Revista De Escuelas Normales, 100(39.1), 353–372. https://doi.org/10.47553/rifop.v100i39.1.101105</subfield>
   </datafield>
   <datafield ind1="8" ind2=" " tag="024">
      <subfield code="a">https://hdl.handle.net/10630/41247</subfield>
   </datafield>
   <datafield ind1="8" ind2=" " tag="024">
      <subfield code="a">10.47553/rifop.v100i39.1.101105</subfield>
   </datafield>
   <datafield tag="653" ind2=" " ind1=" ">
      <subfield code="a">Investigación activa en educación</subfield>
   </datafield>
   <datafield tag="653" ind2=" " ind1=" ">
      <subfield code="a">Profesores - Formación profesional</subfield>
   </datafield>
   <datafield ind2="0" ind1="0" tag="245">
      <subfield code="a">El Máster de Secundaria en la formación inicial docente: desafíos y proyecciones en Andalucía desde la perspectiva de sus coordinaciones</subfield>
   </datafield>
</record>
</metadata></record></GetRecord></OAI-PMH>